| 000 | 00657nam a2200229 4500 | ||
|---|---|---|---|
| 003 | OSt | ||
| 005 | 20240611075326.0 | ||
| 006 | a | ||
| 008 | 240611b |||||||| |||| 00| 0 eng d | ||
| 020 | _a9789719924678 | ||
| 040 |
_aDWCL-Main lib. _cOC |
||
| 082 | _aFil. 338.4791 R175t 2012 | ||
| 100 | _aRamos, Francisco M | ||
| 245 | _aThe basics of tour guiding / | ||
| 260 |
_aQuezon city : _bC & E Pub. , _cc2012. |
||
| 300 |
_ax, _b99 p. : ill. ; _c23 cm. |
||
| 504 | _aIncludes index. | ||
| 650 | _a1. Tour guides (Person)–Philippines. | ||
| 650 | _a2. Tourist trade–Philippines. | ||
| 700 | _aFrancisco M Ramos | ||
| 942 |
_2ddc _n0 _cBK - FIL _kFil. |
||
| 999 |
_c557 _d557 |
||